USA Hauptstädte und größte Städte - Statistiken

Allgemein
  • Dieses Quiz wurde 96 mal gespielt
  • Das Durchschnittsergebnis liegt bei 62 aus 100
Antwortstatistiken
Hint Antwort % Korrekt
Kalifornien Los Angeles
95%
Georgia Atlanta
92%
Utah Salt Lake City
92%
Arizona Phoenix
89%
Colorado Denver
87%
Texas Austin
86%
Massachusetts Boston
86%
Illinois Chicago
86%
Kalifornien Sacramento
86%
Hawaii Honolulu
84%
Indiana Indianapolis
84%
Mississippi Jackson
83%
Nevada Las Vegas
83%
Tennessee Nashville
83%
Oklahoma Oklahoma City
81%
Washington Seattle
81%
Texas Houston
79%
Missouri Kansas City
78%
Michigan Detroit
76%
Alaska Juneau
75%
Minnesota Minneapolis
73%
Louisiana New Orleans
71%
Pennsylvania Philadelphia
71%
Maine | Oregon Portland
71%
Ohio Columbus
70%
New York New York City
70%
Florida Tallahassee
70%
New York Albany
68%
Louisiana Baton Rouge
68%
Kentucky Frankfort
68%
Illinois Springfield
67%
Idaho Boise
65%
Iowa Des Moines
65%
Arkansas Little Rock
65%
Oregon Salem
65%
Maryland Baltimore
63%
North Dakota Bismarck
63%
Florida Jacksonville
63%
New Mexico Albuquerque
62%
Alaska Anchorage
62%
North Carolina Charlotte
62%
North Carolina Raleigh
62%
Minnesota St Paul
62%
Maine Augusta
59%
Pennsylvania Harrisburg
59%
Connecticut Hartford
59%
Michigan Lansing
57%
Rhode Island Providence
57%
Virginia Richmond
57%
New Mexico Santa Fe
57%
Wyoming Cheyenne
54%
South Carolina Columbia
54%
Maryland Annapolis
52%
Nevada Carson City
52%
Montana Helena
52%
Alabama Montgomery
52%
Delaware Dover
51%
Nebraska Lincoln
51%
Wisconsin Milwaukee
51%
Washington Olympia
51%
South Dakota Pierre
51%
Kansas Topeka
51%
South Carolina | West Virginia Charleston
48%
Vermont Montpelier
48%
New Hampshire Concord
46%
Wisconsin Madison
46%
Missouri Jefferson City
43%
Nebraska Omaha
43%
New Jersey Trenton
43%
Kentucky Louisville
40%
Kansas Wichita
37%
New Jersey Newark
35%
Virginia Virginia Beach
27%
North Dakota Fargo
22%
South Dakota Sioux Falls
19%
Montana Billings
17%
Alabama Huntsville
14%
New Hampshire Manchester
14%
Delaware Wilmington
13%
Vermont Burlington
11%
Connecticut Bridgeport
10%
Keine übereinstimmenden Quizze gefunden
Verteilung der Resultate
Anzahl Personen mit jedem Resultat
Perzentil nach korrekt beantworteten Fragen
Ihre Resultats-Entwicklung
Sie haben dieses Quiz noch nicht gespielt